An eulogy on the life and character of James Monroe, fifth president of the United States : delivered at the request of the corporation of the city of Boston, on the 25th of August, 1831 /

Bibliographic Details
Main Author: Adams, John Quincy, 1767-1848
Format: Microform Book
Language:English
Published: Boston : Eastburn, 1831.
Subjects:

MARC

Tag First Indicator Second Indicator Subfields
LEADER 00000cam a2200000ua 4500
001 in00001136843
005 20150930084508.0
007 he buu|||bubu
007 he bm||||b|c|
008 880622s1831 mau b 000 0deng d
010 |a nuc87538068  
035 |a (OCoLC)22084541 
035 |9 AFX7318AM 
040 |a LCP  |c RQM  |d TXA  |d UtOrBLW 
049 |a TXAI 
050 4 |a E372  |b .A21 
099 |a fiche  |a C  |a 7862 
100 1 |a Adams, John Quincy,  |d 1767-1848. 
245 1 3 |a An eulogy on the life and character of James Monroe, fifth president of the United States :  |b delivered at the request of the corporation of the city of Boston, on the 25th of August, 1831 /  |c by John Quincy Adams. 
264 1 |a Boston :  |b Eastburn,  |c 1831. 
300 |a 100 pages ;  |c 24 cm. 
336 |a text  |b txt  |2 rdacontent 
337 |a microform  |b h  |2 rdamedia 
338 |a microfiche  |b he  |2 rdacarrier 
500 |a Master microform held by: LCP. 
533 |a Microfiche.  |b Louisville, Ky. :  |c Lost Cause Press,  |d 1965.  |e 4 microfiches : negative ; 11 x 15 cm.  |f (Selected Americana from Sabin's Dictionary of books relating to America) 
500 |a Microform. 
600 1 0 |a Monroe, James,  |d 1758-1831. 
999 |a MARS 
999 f f |s 557245ce-6c9b-3712-8a2d-9f585d181ee3  |i b4027969-ed24-3cbd-8ffe-7f4ca289887f  |t 0 
952 f f |p normal  |a Texas A&M University  |b College Station  |c Sterling C. Evans Library  |d Evans: Microforms (3rd floor)  |t 0  |e fiche C 7862  |h Other scheme  |i microform -- microfiche  |m A14822806110 
998 f f |a fiche C 7862  |t 0  |l Evans: Microforms (3rd floor)